000 00389 a2200121 4500
001 ART_43382
005 20260410161659.0
008 260409a
245 1 0 _aLas rectificativas en menos. El error de cálculo en el siglo XXI
100 1 _aCoronello, Silvina E.
700 1 _aIglesias Araujo, Fabiana
773 0 _tPráctica profesional
_g- Nº 279 (feb. 2017)
_wREV542
999 _c14995
_d14995